|
|
|
|
| LEADER |
00000nam a2200000 a 4500 |
| 001 |
vtls001124855 |
| 003 |
SK-MaSNL |
| 005 |
20260302064357.0 |
| 008 |
251113s1995 xo aap r yy slo |
| 015 |
|
|
|a SNBA1996/0300580
|
| 020 |
|
|
|a 8096742906
|
| 035 |
|
|
|a SNK000067701
|
| 035 |
|
|
|a urn:nbn:sk:snk-amlksj
|
| 035 |
|
|
|a urn:nbn:sk:snk-am00bmk7
|
| 035 |
|
|
|a 55612273-F157-402B-A408-CD4CCDDA190C
|
| 040 |
|
|
|a SNK
|b slo
|c SNK
|e AACR2
|
| 041 |
0 |
|
|a slo
|
| 044 |
|
|
|a xo
|c SK
|
| 080 |
|
|
|a 633.85:632.9(035)
|2 1981
|
| 080 |
|
|
|a 632.9(035)
|2 1981
|
| 245 |
0 |
|
|a Repka olejka 1995/96
|c [Autori: Mária Fandlová ... [et al.]]
|
| 260 |
|
|
|a Bratislava
|b AT publishing
|c 1995
|
| 300 |
|
|
|a 20 s.
|b Sch., tab.
|c 30 cm
|
| 490 |
1 |
|
|a Príručka ochrany rastlín
|
| 500 |
|
|
|a Názov je prevzatý z obalu
|
| 504 |
|
|
|a Bibliogr. s. 18
|
| 650 |
0 |
7 |
|a repka olejnatá
|x pestovanie
|x ochrana
|x príručky
|2 SNK
|9 726424
|
| 655 |
|
7 |
|a príručky
|2 SNK
|9 74364
|
| 700 |
1 |
|
|a Fandlová, Mária
|4 aut
|9 9683
|
| 700 |
1 |
|
|a Kohaut, Pavol
|4 aut
|9 8880
|
| 700 |
1 |
|
|a Stašková, Georgína
|4 aut
|9 8937
|
| 700 |
1 |
|
|a Vargová, Zuzana
|4 aut
|9 8063
|
| 830 |
|
0 |
|a Príručka ochrany rastlín
|9 726425
|
| 919 |
|
|
|a 80-967429-0-6
|
| 958 |
|
|
|a TL
|
| 958 |
|
|
|a NB
|
| 999 |
|
|
|c 1137321
|d 1139251
|
| 952 |
|
|
|t P60, <03>, [BOOK], {603}
|a SNK
|b SNK
|y PREZ
|7 0
|p 17A0968121
|o snkSB 54955
|i snkKSP 00414/96
|0 0
|1 0
|4 0
|d 1996-01-11
|f 1
|l 0
|r 2025-03-28 00:00:00
|w 2026-02-24
|
| 952 |
|
|
|t P60, <09>, [BOOK], {629}
|a SNK
|b SNK
|y NEVYP
|7 0
|o snkB 56
|i snk1189/960112
|0 0
|1 0
|4 0
|d 1996-01-11
|l 0
|r 2004-12-31 00:00:00
|w 2026-02-24
|
| 952 |
|
|
|t P60, <04>, [BOOK], {604}
|a SNK
|b SNK
|y VYP
|7 0
|p 17A0004237
|o snkSB 54955 D1
|i snkKSP 00415/96
|0 0
|1 0
|4 0
|d 1996-01-11
|l 0
|r 2004-12-31 00:00:00
|w 2026-02-24
|